000 00661nam a2200205 i 4500
001 84097
003 ES-MaACL
005 20230906174938.0
007 t|
008 041119s1967 sp ||||1| spa d
100 1 _aIzquierdo, Francisco (
_d1927-2004)
_965704
245 1 0 _aLeyendas sobre la creación del mundo /
_cFrancisco Izquierdo.
260 _a[Madrid :
_bP.P.C. Marsiega,
_c1967]
300 _a96 p., 8 lám. ;
_c18 cm.
490 1 _aColección "Lo Imposible" ;
_v56
650 4 _aIndios de América-
_xMitología.
_9169469
830 0 _aColección "Lo Imposible" ;
_v56
_9231652
852 _aES-MaACL
_jC-34496
_bR.65394
999 _c84097
_d84097